| 000 | 01058cam a2200133 4500500 | ||
|---|---|---|---|
| 005 | 20260405065458.0 | ||
| 041 | _afre | ||
| 042 | _adc | ||
| 100 | 1 | 0 |
_aAldrin, Philippe _eauthor |
| 245 | 0 | 0 | _aSociologie politique des rumeurs |
| 260 |
_bPresses Universitaires de France,
_c2005. |
||
| 520 | _aCet ouvrage analyse les rumeurs sous un angle inédit, celui de la politique. Prenant le parti de faire une «sociologie compréhensive» des rumeurs politiques, l’auteur se place au niveau des interactions institutionnalisées ou non, lorsque les acteurs sociaux échangent ces informations «politiques»plus que douteuses quant à leur véracité. Ces échangestraduisent un mode de contournement des contraintes qui pèsent sur la prise de parole en public. Cet ouvrage est le premier ouvrage francophone consacré aux rumeurs politiques, il propose une analyse des phénomènes d’information dans les sociétés modernes. | ||
| 856 | 4 | 1 | _uhttps://shs.cairn.info/sociologie-politique-des-rumeurs--9782130546917?lang=fr&redirect-ssocas=7080 |
| 999 |
_c2196244 _d2196244 |
||